Programming the Web with ColdFusion MX6.1 using XHTML /

সংরক্ষণ করুন:
গ্রন্থ-পঞ্জীর বিবরন
প্রধান লেখক: Prayaga, Lakshmi
বিন্যাস: গ্রন্থ
ভাষা:Vietnamese
প্রকাশিত: McGraw-Hilltechnologyeducation 2004
ট্যাগগুলো: ট্যাগ যুক্ত করুন
কোনো ট্যাগ নেই, প্রথমজন হিসাবে ট্যাগ করুন!
Thư viện lưu trữ: Mạng thư viện Đại học Đà Nẵng
LEADER 00666nam a2200265 4500
001 000027619
003 KJK
005 20150403120000.0
008 150403s vm 000 vie
020 |c 0,0000 
040 |a notts 
100 |a Prayaga, Lakshmi 
245 |a Programming the Web with ColdFusion MX6.1 using XHTML /  |c Lakshmi Prayaga, HamsaSuri. 
260 |b McGraw-Hilltechnologyeducation  |c 2004 
OWN |a LTT 
999 |a From the UDN01 
TYP |a Monograph 
TYP |a Printed language 
980 |a Mạng thư viện Đại học Đà Nẵng